[Event "Beijing zt 3.5"]
[Site "Beijing"]
[Date "2012.09.17"]
[Round "6"]
[White "Chen, Yang"]
[Black "Li, Di"]
[Result "1-0"]
[WhiteElo "2104"]
[BlackElo "2094"]
[PlyCount "71"]
[EventDate "2012.09.15"]
[EventType "swiss"]
[EventRounds "11"]
[EventCountry "CHN"]
[SourceTitle "EXT 2013"]
[Source "ChessBase"]
[SourceDate "2012.11.22"]
[SourceVersion "1"]
[SourceVersionDate "2012.11.22"]
[SourceQuality "1"]

1. e4 c5 2. Nf3 e6 3. d4 cxd4 4. Nxd4 a6 5. Bd3 Nf6 6. 0-0 Qc7 7. Qe2 d6 8. Kh1 Be7 9. f4 Nbd7 10. c4 b6 11. Nc3 Bb7 12. f5 e5 13. Nc2 Nc5 14. Bg5 Rc8 15. Bxf6 Bxf6 16. Ne3 Nxd3 17. Qxd3 Bg5 18. Ned5 Qc5 19. Qg3 f6 20. h4 Bh6 21. Qf3 Bxd5 22. Nxd5 Rf8 23. b4 Qc6 24. b5 axb5 25. cxb5 Qc5 26. a4 Rf7 27. Rfd1 Ra7 28. Ra3 Qc2 29. Nxb6 Rc5 30. Rxd6 Bd2 31. Ra1 Bc3 32. Qh5+ g6 33. fxg6 Bxa1 34. gxh7+ Ke7 35. h8Q Kxd6 36. Qd8+ 1-0

[Event "Golden Sands Europe op 1st"]
[Site "Golden Sands"]
[Date "2012.06.06"]
[Round "3"]
[White "Chen, Yang"]
[Black "Bulmaga, Irina"]
[Result "0-1"]
[WhiteElo "2094"]
[BlackElo "2370"]
[PlyCount "106"]
[EventDate "2012.06.04"]
[EventType "swiss"]
[EventRounds "9"]
[EventCountry "BUL"]
[SourceTitle "CBM 148 Extra"]
[Source "ChessBase"]
[SourceDate "2012.06.22"]
[SourceVersion "1"]
[SourceVersionDate "2012.06.22"]
[SourceQuality "1"]

1. e4 c5 2. Nf3 d6 3. d4 cxd4 4. Qxd4 a6 5. Be3 Nf6 6. Nc3 e6 7. 0-0-0 Nc6 8. Qd2 Qc7 9. Bf4 Ng4 10. h3 Nge5 11. Nxe5 dxe5 12. Be3 Bb4 13. a3 Be7 14. f4 b5 15. Nd5 exd5 16. exd5 Nd4 17. Bxd4 exd4 18. Qxd4 Qd6 19. Qxg7 Qxf4+ 20. Kb1 Qf6 21. Qg3 Bd6 22. Re1+ Kf8 23. Qe3 Bf5 24. Bd3 Bxd3 25. Qxd3 Re8 26. Rxe8+ Kxe8 27. Rf1 Qe5 28. Qd2 Qg7 29. Qe3+ Qe5 30. Qd2 Qg3 31. Rf3 Qg6 32. Qc3 Rg8 33. Qc8+ Ke7 34. Re3+ Kf6 35. Qc3+ Kg5 36. Qd2 Kh5 37. g4+ Kh4 38. Rf3 Bg3 39. Qg2 Qd6 40. Rf5 Rg5 41. Rxf7 h6 42. Rf5 Rxf5 43. gxf5 Qf4 44. Qe2 Qxf5 45. Qe7+ Kxh3 46. d6 Qe5 47. Qf8 Qxd6 48. Qf5+ Kg2 49. Qe4+ Kg1 50. Qe3+ Bf2 51. Qf3 Qg3 52. Qd1+ Kg2 53. Qd5+ Qf3 0-1

[Event "Albena Masters op"]
[Site "Albena"]
[Date "2012.05.26"]
[Round "1"]
[White "Chen, Yang"]
[Black "Popchev, Milko"]
[Result "1-0"]
[WhiteElo "2094"]
[BlackElo "2450"]
[PlyCount "53"]
[EventDate "2012.05.26"]
[EventType "swiss"]
[EventRounds "9"]
[EventCountry "BUL"]
[SourceTitle "CBM 148 Extra"]
[Source "ChessBase"]
[SourceDate "2012.06.22"]
[SourceVersion "1"]
[SourceVersionDate "2012.06.22"]
[SourceQuality "1"]

1. e4 g6 2. d4 Bg7 3. Nc3 c6 4. Be3 b5 5. Bd3 d6 6. Nf3 Nd7 7. 0-0 Bb7 8. Qd2 a6 9. Ne2 e5 10. c4 Ngf6 11. dxe5 dxe5 12. a4 0-0 13. cxb5 cxb5 14. axb5 Nxe4 15. Bxe4 Bxe4 16. Rfd1 Bf5 17. bxa6 Qb8 18. Ng3 Bg4 19. Ne4 Rd8 20. a7 Qb7 21. Nc5 Qc6 22. Nxd7 Rxd7 23. Qb4 Rxd1+ 24. Rxd1 Bxf3 25. Qb8+ Bf8 26. Rd8 Kg7 27. gxf3 1-0

[Event "Budapest FS06 IM"]
[Site "Budapest"]
[Date "2011.06.09"]
[Round "6"]
[White "Chen, Yang"]
[Black "Farago, Sandor"]
[Result "1/2-1/2"]
[WhiteElo "2081"]
[BlackElo "2281"]
[PlyCount "136"]
[EventDate "2011.06.04"]
[EventType "tourn"]
[EventRounds "11"]
[EventCountry "HUN"]
[SourceTitle "CBM 142 Extra"]
[Source "ChessBase"]
[SourceDate "2011.06.27"]
[SourceVersion "1"]
[SourceVersionDate "2011.06.27"]
[SourceQuality "1"]

1. e4 c5 2. Nf3 e6 3. d4 cxd4 4. Nxd4 a6 5. Bd3 Bc5 6. Nb3 Ba7 7. Qe2 Nc6 8. 0-0 d6 9. Be3 Bxe3 10. Qxe3 Qf6 11. N1d2 Nge7 12. Nc4 e5 13. Nb6 Rb8 14. Nd5 Qg6 15. Nc7+ Kf8 16. c4 h5 17. Rfd1 h4 18. Nd5 Rh6 19. Rac1 Bg4 20. Be2 f5 21. Bxg4 Qxg4 22. h3 Qxe4 23. Qxe4 fxe4 24. Nxe7 Kxe7 25. Re1 Nb4 26. Rxe4 Nxa2 27. Rd1 b6 28. Nd4 Kf7 29. Nf5 Rf6 30. Nxd6+ Ke6 31. Rd5 Nb4 32. Rexe5+ Kd7 33. Ne4+ Nxd5 34. Rxd5+ Ke6 35. Nxf6 gxf6 36. Rh5 Rd8 37. Rxh4 Rd1+ 38. Kh2 Rd2 39. b4 Rxf2 40. c5 bxc5 41. bxc5 Rc2 42. Ra4 Rxc5 43. Rxa6+ Kf5 44. Ra7 Kg5 45. Rg7+ Kh5 46. Kg3 Ra5 47. Kf4 Rb5 48. Rg8 Rc5 49. g4+ Kh6 50. h4 Kh7 51. Re8 Kg6 52. h5+ Kf7 53. Re4 Rc1 54. Rb4 Rf1+ 55. Ke4 Re1+ 56. Kf3 Rf1+ 57. Kg2 Ra1 58. Rb7+ Kg8 59. h6 Ra4 60. Rg7+ Kf8 61. Kg3 Ra5 62. Rg6 Kf7 63. Rg7+ Kf8 64. Rb7 Kg8 65. h7+ Kh8 66. Rf7 Rb5 67. Rxf6 Kxh7 68. g5 Rb1 1/2-1/2

[Event "Budapest FS06 IM"]
[Site "Budapest"]
[Date "2011.06.08"]
[Round "5"]
[White "Chen, Yang"]
[Black "Kislik, Erik Andrew"]
[Result "1/2-1/2"]
[WhiteElo "2081"]
[BlackElo "2347"]
[PlyCount "126"]
[EventDate "2011.06.04"]
[EventType "tourn"]
[EventRounds "11"]
[EventCountry "HUN"]
[SourceTitle "CBM 142 Extra"]
[Source "ChessBase"]
[SourceDate "2011.06.27"]
[SourceVersion "1"]
[SourceVersionDate "2011.06.27"]
[SourceQuality "1"]

1. e4 e5 2. Nf3 Nc6 3. Bc4 Bc5 4. c3 Nf6 5. d4 exd4 6. cxd4 Bb4+ 7. Nc3 Nxe4 8. 0-0 Nxc3 9. bxc3 Be7 10. d5 Nb8 11. d6 cxd6 12. Bxf7+ Kxf7 13. Qd5+ Kf8 14. Re1 Na6 15. Ng5 Qe8 16. Bf4 Nc7 17. Qf5+ Kg8 18. Bxd6 Ne6 19. Nxe6 dxe6 20. Rxe6 Bxe6 21. Qxe6+ Qf7 22. Qxe7 Qxe7 23. Bxe7 Kf7 24. Bc5 Rhd8 25. Bd4 Rd7 26. Kf1 a6 27. Rb1 Re8 28. g3 Re6 29. f4 Rh6 30. h4 Rh5 31. a4 Ra5 32. Rb4 Ke6 33. Ke2 Rad5 34. g4 h5 35. Kf3 hxg4+ 36. Kxg4 R5d6 37. Be5 Rd1 38. Rb6+ Kf7 39. h5 Ra1 40. h6 gxh6 41. Rxh6 Rxa4 42. Kf5 Re7 43. Rh7+ Ke8 44. Rh8+ Kd7 45. Rb8 Kc6 46. Kf6 Rh7 47. f5 Rg4 48. Ke6 Rh5 49. Rc8+ Kb5 50. Bd4 Re4+ 51. Kd5 Re1 52. Rc5+ Ka4 53. Kd6 b5 54. f6 Rxc5 55. Bxc5 Rf1 56. Ke7 a5 57. Bb6 Re1+ 58. Kd7 b4 59. cxb4 axb4 60. f7 Rf1 61. Ke7 b3 62. Bd4 Re1+ 63. Kf6 Rf1+ 1/2-1/2

[Event "Budapest FS06 IM"]
[Site "Budapest"]
[Date "2011.06.07"]
[Round "4"]
[White "Pirisi, Gabor"]
[Black "Chen, Yang"]
[Result "1-0"]
[WhiteElo "2243"]
[BlackElo "2081"]
[PlyCount "53"]
[EventDate "2011.06.04"]
[EventType "tourn"]
[EventRounds "11"]
[EventCountry "HUN"]
[SourceTitle "CBM 142 Extra"]
[Source "ChessBase"]
[SourceDate "2011.06.27"]
[SourceVersion "1"]
[SourceVersionDate "2011.06.27"]
[SourceQuality "1"]

1. c4 e5 2. g3 Nf6 3. Bg2 d5 4. cxd5 Nxd5 5. Nc3 Nb6 6. Nf3 Nc6 7. 0-0 Be7 8. a3 Be6 9. b4 a6 10. d3 0-0 11. Bb2 f6 12. Ne4 Nd4 13. Nxd4 exd4 14. Nc5 Bxc5 15. bxc5 Nd5 16. Qa4 Nc3 17. Bxc3 dxc3 18. Rac1 Bd5 19. Rxc3 Bxg2 20. Kxg2 Qd5+ 21. e4 Qh5 22. Qb3+ Kh8 23. Qxb7 f5 24. exf5 Qxf5 25. Qe4 Qh5 26. d4 Rae8 27. Rf3 1-0

[Event "Zalakaros op 30th"]
[Site "Zalakaros"]
[Date "2011.05.23"]
[Round "4"]
[White "Istvanovszky, Martin"]
[Black "Chen, Yang"]
[Result "1-0"]
[WhiteElo "2297"]
[BlackElo "2081"]
[PlyCount "55"]
[EventDate "2011.05.20"]
[EventType "swiss"]
[EventRounds "9"]
[EventCountry "HUN"]
[SourceTitle "CBM 142 Extra"]
[Source "ChessBase"]
[SourceDate "2011.06.27"]
[SourceVersion "1"]
[SourceVersionDate "2011.06.27"]
[SourceQuality "1"]

1. d4 d5 2. c4 c6 3. Nf3 Nf6 4. Nc3 dxc4 5. a4 Bf5 6. a5 e6 7. e3 Nbd7 8. Bxc4 b5 9. Bd3 Bxd3 10. Qxd3 a6 11. 0-0 c5 12. Rd1 c4 13. Qc2 Be7 14. e4 Qc7 15. Bg5 h6 16. Bh4 g5 17. Bg3 Qb7 18. d5 Nh5 19. dxe6 fxe6 20. e5 0-0-0 21. Qg6 Nxg3 22. Qxe6 Nh5 23. Qxe7 Nf4 24. e6 Nb8 25. Rxd8+ Rxd8 26. Qf6 Nc6 27. Ne4 Nd4 28. e7 1-0

[Event "Budapest FS05 FM-A"]
[Site "Budapest"]
[Date "2011.05.12"]
[Round "6"]
[White "Kantor, Reka"]
[Black "Chen, Yang"]
[Result "0-1"]
[WhiteElo "1947"]
[BlackElo "2081"]
[PlyCount "58"]
[EventDate "2011.05.07"]
[EventType "tourn"]
[EventRounds "11"]
[EventCountry "HUN"]
[SourceTitle "CBM 142 Extra"]
[Source "ChessBase"]
[SourceDate "2011.06.27"]
[SourceVersion "1"]
[SourceVersionDate "2011.06.27"]
[SourceQuality "1"]

1. e4 c5 2. Nf3 Nc6 3. d4 cxd4 4. Nxd4 g6 5. c4 Bg7 6. Be3 Nf6 7. Nc3 0-0 8. Qd2 Ng4 9. Nc2 Nxe3 10. Nxe3 d6 11. Rc1 a5 12. b3 Nd4 13. Bd3 Bd7 14. 0-0 Bc6 15. Nc2 f5 16. Nxd4 Bxd4 17. exf5 gxf5 18. Bxf5 e5 19. Be6+ Kh8 20. Bd5 Qh4 21. Bxc6 bxc6 22. Nd1 Rf6 23. Re1 Rh6 24. h3 Rg8 25. Ne3 Qxh3 26. Kf1 Bxe3 27. Qxe3 Qxg2+ 28. Ke2 Rh3 29. Qd2 Qf3+ 0-1

[Event "Budapest FS05 FM-A"]
[Site "Budapest"]
[Date "2011.05.09"]
[Round "3"]
[White "Chen, Yang"]
[Black "Kiss, Peter2222"]
[Result "1-0"]
[WhiteElo "2081"]
[BlackElo "1956"]
[PlyCount "95"]
[EventDate "2011.05.07"]
[EventType "tourn"]
[EventRounds "11"]
[EventCountry "HUN"]
[SourceTitle "CBM 142 Extra"]
[Source "ChessBase"]
[SourceDate "2011.06.27"]
[SourceVersion "1"]
[SourceVersionDate "2011.06.27"]
[SourceQuality "1"]

1. e4 c5 2. Nf3 Nc6 3. d4 cxd4 4. Nxd4 Qb6 5. Nb3 Nf6 6. Nc3 e6 7. Bd3 Bb4 8. 0-0 Bxc3 9. bxc3 0-0 10. Bg5 Ne5 11. Kh1 Nfg4 12. Qe2 f6 13. Bd2 d5 14. f4 Nxd3 15. cxd3 f5 16. e5 Bd7 17. h3 Nh6 18. Be3 Qc7 19. Rfc1 b6 20. c4 dxc4 21. dxc4 Rac8 22. Rab1 Qd8 23. c5 Qh4 24. cxb6 axb6 25. Qf3 b5 26. Bf2 Qe7 27. Bc5 Qh4 28. Bxf8 Rxf8 29. Rc7 Be8 30. Kg1 Bh5 31. Qf2 Qd8 32. Rbc1 Nf7 33. Qc5 g5 34. Rc8 Qxc8 35. Qxc8 Rxc8 36. Rxc8+ Kg7 37. g3 Bf3 38. Nd4 Bd5 39. a3 gxf4 40. gxf4 Bc4 41. a4 Bd5 42. axb5 Kg6 43. Nxe6 Bxe6 44. Rc6 Nd8 45. Rd6 Kf7 46. Rxd8 Ke7 47. Rd6 Bc8 48. Rc6 1-0

[Event "Budapest FS05 FM-A"]
[Site "Budapest"]
[Date "2011.05.08"]
[Round "2"]
[White "Lakovic, Igor"]
[Black "Chen, Yang"]
[Result "1/2-1/2"]
[WhiteElo "1965"]
[BlackElo "2081"]
[PlyCount "44"]
[EventDate "2011.05.07"]
[EventType "tourn"]
[EventRounds "11"]
[EventCountry "HUN"]
[SourceTitle "CBM 142 Extra"]
[Source "ChessBase"]
[SourceDate "2011.06.27"]
[SourceVersion "1"]
[SourceVersionDate "2011.06.27"]
[SourceQuality "1"]

1. e4 c5 2. Nc3 g6 3. g3 Bg7 4. Bg2 Nc6 5. d3 e6 6. Be3 d6 7. Qd2 Qa5 8. f4 Nge7 9. Nf3 Nd4 10. 0-0 Nec6 11. Rae1 0-0 12. Nh4 f5 13. a3 Bd7 14. h3 Rab8 15. g4 Qd8 16. Nf3 b5 17. Nd1 b4 18. axb4 Rxb4 19. c3 Nxf3+ 20. Bxf3 Rb5 21. Qg2 Ne7 22. Kh1 Bc6 1/2-1/2

[Event "Kecskemet Caissa Rating 04"]
[Site "Kecskemet"]
[Date "2011.04.19"]
[Round "7"]
[White "Chen, Yang"]
[Black "Szente Varga, Fruzsina"]
[Result "1-0"]
[WhiteElo "2033"]
[BlackElo "1953"]
[PlyCount "73"]
[EventDate "2011.04.16"]
[EventType "tourn"]
[EventRounds "10"]
[EventCountry "HUN"]
[SourceTitle "CBM 142 Extra"]
[Source "ChessBase"]
[SourceDate "2011.06.27"]
[SourceVersion "1"]
[SourceVersionDate "2011.06.27"]
[SourceQuality "1"]

1. e4 Nf6 2. Nc3 d5 3. exd5 Nxd5 4. Bc4 Nb6 5. Bb3 Nc6 6. Nf3 Bg4 7. Bxf7+ Kd7 8. d4 Kc8 9. Be3 g6 10. d5 Ne5 11. Qd4 Nxf7 12. Qxg4+ Kb8 13. Qe6 Nd6 14. Bd4 Bh6 15. Bxh8 Qxh8 16. 0-0 Nf5 17. Ne5 Bg7 18. Nd7+ Nxd7 19. Qxd7 a6 20. Na4 Be5 21. c4 Ka7 22. Rae1 Qg7 23. Qe6 Bf4 24. b4 Qh6 25. h3 Bd2 26. b5 Bxe1 27. b6+ cxb6 28. Qxb6+ Kb8 29. Rxe1 g5 30. Qxh6 Nxh6 31. Rxe7 Ka7 32. c5 Nf5 33. Rxh7 Re8 34. c6 Nd6 35. Rd7 Re4 36. Rxd6 Rxa4 37. c7 1-0

[Event "Kecskemet Caissa Rating 04"]
[Site "Kecskemet"]
[Date "2011.04.17"]
[Round "3"]
[White "Chen, Yang"]
[Black "Zsiros, Laszlo"]
[Result "0-1"]
[WhiteElo "2033"]
[BlackElo "1958"]
[PlyCount "64"]
[EventDate "2011.04.16"]
[EventType "tourn"]
[EventRounds "10"]
[EventCountry "HUN"]
[SourceTitle "CBM 142 Extra"]
[Source "ChessBase"]
[SourceDate "2011.06.27"]
[SourceVersion "1"]
[SourceVersionDate "2011.06.27"]
[SourceQuality "1"]

1. e4 c6 2. Nc3 d6 3. d4 Qc7 4. f4 Nf6 5. Nf3 Bg4 6. h3 Bxf3 7. Qxf3 e6 8. Bd3 Nbd7 9. 0-0 e5 10. Ne2 Be7 11. Be3 0-0 12. dxe5 dxe5 13. f5 Bc5 14. Kh2 Bxe3 15. Qxe3 b6 16. g4 Nc5 17. g5 Ne8 18. f6 g6 19. Rad1 Nxd3 20. Rxd3 Rd8 21. Rfd1 Rxd3 22. Qxd3 Qc8 23. Qa3 h6 24. Qg3 Qe6 25. h4 h5 26. Qh3 Qxa2 27. Qd7 Qc4 28. Nc3 b5 29. Qd3 Qc5 30. Qe2 Nc7 31. Rd3 Ne6 32. Qe3 Nd4 0-1

[Event "Budapest FS04 FM-A"]
[Site "Budapest"]
[Date "2011.04.10"]
[Round "9"]
[White "Chen, Yang"]
[Black "Csillag, Janos"]
[Result "1-0"]
[WhiteElo "2033"]
[BlackElo "1978"]
[PlyCount "81"]
[EventDate "2011.04.02"]
[EventType "tourn"]
[EventRounds "11"]
[EventCountry "HUN"]
[SourceTitle "CBM 141 Extra"]
[Source "ChessBase"]
[SourceDate "2011.05.03"]
[SourceVersion "1"]
[SourceVersionDate "2011.05.03"]
[SourceQuality "1"]

1. e4 c5 2. Nf3 g6 3. d4 Bg7 4. dxc5 Qa5+ 5. c3 Qxc5 6. Be3 Qc7 7. Bd3 Nf6 8. h3 Nc6 9. 0-0 0-0 10. a4 d5 11. Nbd2 e5 12. Bg5 Be6 13. Qe2 Rae8 14. Rab1 Nh5 15. exd5 Bxd5 16. Bc4 Bxc4 17. Qxc4 Kh8 18. Be3 b6 19. a5 bxa5 20. Bc5 Ne7 21. b4 Nf4 22. Ne4 Ne6 23. Nd6 Rd8 24. Nxf7+ Rxf7 25. Qxe6 Nf5 26. Ra1 Qd7 27. Ng5 Qxe6 28. Nxe6 Rd3 29. Rxa5 Rxc3 30. Rfa1 Nd4 31. Nxd4 exd4 32. Rxa7 Rxa7 33. Rxa7 Rc1+ 34. Kh2 Be5+ 35. g3 Rc4 36. Rd7 h5 37. h4 Kg8 38. Kg2 Bf6 39. Kf3 Rc3+ 40. Ke4 Rc2 41. Bxd4 1-0

[Event "Budapest FS04 FM-A"]
[Site "Budapest"]
[Date "2011.04.09"]
[Round "8"]
[White "Tran, Minh Thang1111"]
[Black "Chen, Yang"]
[Result "1/2-1/2"]
[WhiteElo "2077"]
[BlackElo "2033"]
[PlyCount "46"]
[EventDate "2011.04.02"]
[EventType "tourn"]
[EventRounds "11"]
[EventCountry "HUN"]
[SourceTitle "CBM 141 Extra"]
[Source "ChessBase"]
[SourceDate "2011.05.03"]
[SourceVersion "1"]
[SourceVersionDate "2011.05.03"]
[SourceQuality "1"]

1. d4 d5 2. Bf4 Nf6 3. e3 c5 4. dxc5 Nc6 5. Bb5 e6 6. Qd4 Nd7 7. Bxc6 bxc6 8. Bd6 Bxd6 9. cxd6 0-0 10. c4 c5 11. Qc3 Qb6 12. Nf3 Qxd6 13. 0-0 Bb7 14. Rd1 Qe7 15. Nbd2 Rfd8 16. Nb3 dxc4 17. Qxc4 Bxf3 18. gxf3 Ne5 19. Qe4 Qg5+ 20. Kh1 Qh5 21. Kg2 Qg5+ 22. Kh1 Qh5 23. Kg2 Qg5+ 1/2-1/2

[Event "Budapest FS04 FM-A"]
[Site "Budapest"]
[Date "2011.04.08"]
[Round "7"]
[White "Chen, Yang"]
[Black "Borda, Lajos"]
[Result "1-0"]
[WhiteElo "2033"]
[BlackElo "2135"]
[PlyCount "66"]
[EventDate "2011.04.02"]
[EventType "tourn"]
[EventRounds "11"]
[EventCountry "HUN"]
[SourceTitle "CBM 141 Extra"]
[Source "ChessBase"]
[SourceDate "2011.05.03"]
[SourceVersion "1"]
[SourceVersionDate "2011.05.03"]
[SourceQuality "1"]

1. e4 c5 2. b3 Nc6 3. Bb2 a6 4. f4 d6 5. Nf3 Bg4 6. h3 Bxf3 7. Qxf3 e5 8. Bc4 Nf6 9. Bd5 Nxd5 10. exd5 Nd4 11. Bxd4 exd4 12. 0-0 Be7 13. d3 0-0 14. Nd2 Qd7 15. f5 Bf6 16. Ne4 Rfe8 17. Nxf6+ gxf6 18. Qg4+ Kh8 19. Qh4 Qd8 20. Rae1 Re5 21. Re4 Qe7 22. Rff4 Rg8 23. Qh6 Rg7 24. Rg4 Rxg4 25. Rxg4 Re1+ 26. Kh2 Qe5+ 27. Rg3 Rh1+ 28. Kxh1 Qxg3 29. Qf8+ Qg8 30. Qxd6 Qg5 31. Qf8+ Qg8 32. Qxc5 h5 33. Qxd4 Qg5 1-0

[Event "Budapest FS04 FM-A"]
[Site "Budapest"]
[Date "2011.04.07"]
[Round "6"]
[White "Kiss, Peter2222"]
[Black "Chen, Yang"]
[Result "0-1"]
[WhiteElo "1902"]
[BlackElo "2033"]
[PlyCount "74"]
[EventDate "2011.04.02"]
[EventType "tourn"]
[EventRounds "11"]
[EventCountry "HUN"]
[SourceTitle "CBM 141 Extra"]
[Source "ChessBase"]
[SourceDate "2011.05.03"]
[SourceVersion "1"]
[SourceVersionDate "2011.05.03"]
[SourceQuality "1"]

1. e4 c5 2. Nf3 Nc6 3. d4 cxd4 4. Nxd4 g6 5. c4 Bg7 6. Be3 Nf6 7. Nc3 0-0 8. Be2 d6 9. f4 Bd7 10. 0-0 a5 11. Bf3 Nxd4 12. Bxd4 Bc6 13. Rc1 Nd7 14. Bxg7 Kxg7 15. Kh1 Qb6 16. Qe2 Qc5 17. Rfd1 Rae8 18. Bg4 e6 19. Bh3 f5 20. Qd3 Nf6 21. exf5 exf5 22. Re1 Qf2 23. Rf1 Qb6 24. Nd1 Re6 25. Qg3 Re2 26. Qc3 Qc5 27. a3 a4 28. Rc2 Rxc2 29. Qxc2 d5 30. Re1 dxc4 31. Qc3 Rd8 32. Ne3 Rd3 33. Qc1 h5 34. Nd1 Rxh3 35. Re5 Qd4 36. Nc3 Ng4 37. Ne2 Rxh2# 0-1

[Event "Budapest FS04 FM-A"]
[Site "Budapest"]
[Date "2011.04.04"]
[Round "3"]
[White "Chen, Yang"]
[Black "Sanders, Isaac B"]
[Result "1/2-1/2"]
[WhiteElo "2033"]
[BlackElo "2015"]
[PlyCount "49"]
[EventDate "2011.04.02"]
[EventType "tourn"]
[EventRounds "11"]
[EventCountry "HUN"]
[SourceTitle "CBM 141 Extra"]
[Source "ChessBase"]
[SourceDate "2011.05.03"]
[SourceVersion "1"]
[SourceVersionDate "2011.05.03"]
[SourceQuality "1"]

1. e4 c5 2. Nf3 d6 3. d4 cxd4 4. Nxd4 Nf6 5. Nc3 a6 6. Bc4 e6 7. Bb3 Nbd7 8. Bg5 Qa5 9. Qd2 Be7 10. 0-0-0 Nc5 11. Kb1 Nfxe4 12. Nxe4 Qxd2 13. Nxd6+ Bxd6 14. Bxd2 Nxb3 15. Nxb3 Ke7 16. c4 Bd7 17. Rhe1 f6 18. c5 Bc7 19. Bb4 Bc6 20. Nd4 Be5 21. f4 Bxd4 22. Rxd4 Rhd8 23. Rd6 Rxd6 24. cxd6+ Kd7 25. g3 1/2-1/2

[Event "Budapest Spring op 27th"]
[Site "Budapest"]
[Date "2011.03.25"]
[Round "9"]
[White "Chen, Yang"]
[Black "Mester, Attila"]
[Result "1/2-1/2"]
[WhiteElo "2033"]
[BlackElo "2107"]
[PlyCount "38"]
[EventDate "2011.03.18"]
[EventType "swiss"]
[EventRounds "9"]
[EventCountry "HUN"]
[SourceTitle "CBM 141 Extra"]
[Source "ChessBase"]
[SourceDate "2011.05.03"]
[SourceVersion "1"]
[SourceVersionDate "2011.05.03"]
[SourceQuality "1"]

1. e4 c5 2. Nf3 e6 3. d4 cxd4 4. Nxd4 Nf6 5. Nc3 d6 6. Bc4 Nc6 7. Be3 a6 8. Bb3 Be7 9. 0-0 0-0 10. Qf3 Qc7 11. Rad1 Ne5 12. Qe2 b5 13. a4 b4 14. Na2 Nxe4 15. f4 Nc6 16. Nxc6 Qxc6 17. Nxb4 Qb7 18. Nd5 Nf6 19. Nxf6+ Bxf6 1/2-1/2

[Event "Budapest Spring op 27th"]
[Site "Budapest"]
[Date "2011.03.24"]
[Round "8"]
[White "Koczo, Kristof"]
[Black "Chen, Yang"]
[Result "1-0"]
[WhiteElo "2264"]
[BlackElo "2033"]
[PlyCount "89"]
[EventDate "2011.03.18"]
[EventType "swiss"]
[EventRounds "9"]
[EventCountry "HUN"]
[SourceTitle "CBM 141 Extra"]
[Source "ChessBase"]
[SourceDate "2011.05.03"]
[SourceVersion "1"]
[SourceVersionDate "2011.05.03"]
[SourceQuality "1"]

1. d4 d5 2. c4 c6 3. Nf3 Nf6 4. Nc3 dxc4 5. a4 Bf5 6. e3 e6 7. Bxc4 Bb4 8. 0-0 Nbd7 9. Nh4 Bg4 10. f3 Bh5 11. g4 Bg6 12. e4 Nb6 13. Nxg6 hxg6 14. Bb3 a5 15. Bf4 Nfd7 16. d5 Qf6 17. Qd2 Nc5 18. Ba2 Ncxa4 19. e5 Qe7 20. dxe6 fxe6 21. Qc2 Nxc3 22. bxc3 Bc5+ 23. Kh1 Nd5 24. Bg3 Qg5 25. Qb1 0-0-0 26. Bc4 Nxc3 27. Bxe6+ Kc7 28. Qb3 Ne2 29. f4 Nxg3+ 30. Qxg3 Qh4 31. Qxh4 Rxh4 32. Rfd1 Rxd1+ 33. Rxd1 Rh3 34. Rd7+ Kb6 35. Rxg7 Rf3 36. Bc8 Kb5 37. Rxb7+ Kc4 38. f5 gxf5 39. gxf5 a4 40. Kg2 Rb3 41. Be6+ Kc3 42. Bxb3 axb3 43. f6 b2 44. Rxb2 Kxb2 45. e6 1-0

[Event "Budapest Spring op 27th"]
[Site "Budapest"]
[Date "2011.03.22"]
[Round "6"]
[White "Schmitt, Carsten1111"]
[Black "Chen, Yang"]
[Result "1/2-1/2"]
[WhiteElo "1956"]
[BlackElo "2033"]
[PlyCount "49"]
[EventDate "2011.03.18"]
[EventType "swiss"]
[EventRounds "9"]
[EventCountry "HUN"]
[SourceTitle "CBM 141 Extra"]
[Source "ChessBase"]
[SourceDate "2011.05.03"]
[SourceVersion "1"]
[SourceVersionDate "2011.05.03"]
[SourceQuality "1"]

1. c4 e5 2. g3 Nf6 3. Bg2 Nc6 4. Nc3 Bb4 5. Nd5 Nxd5 6. cxd5 Ne7 7. Nf3 Bd6 8. d4 e4 9. Ne5 f5 10. 0-0 0-0 11. Nc4 b6 12. f3 exf3 13. Bxf3 Bb7 14. Nxd6 cxd6 15. Bf4 Qb8 16. Qa4 Rf7 17. Qxd7 Nxd5 18. Qxd6 Nxf4 19. Qxb8+ Rxb8 20. gxf4 Rd8 21. Bxb7 Rxb7 22. e3 Rc7 23. Rf2 Re7 24. Rf3 Rc7 25. Rf2 1/2-1/2

[Event "Kuala Lumpur op 7th"]
[Site "Kuala Lumpur"]
[Date "2010.09.05"]
[Round "7"]
[White "Chen, Yang"]
[Black "Nakvanich, Sahapol"]
[Result "1-0"]
[WhiteElo "2203"]
[BlackElo "1921"]
[PlyCount "127"]
[EventDate "2010.09.01"]
[EventType "swiss"]
[EventRounds "9"]
[EventCountry "MAS"]
[SourceTitle "CBM 138 Extra"]
[Source "ChessBase"]
[SourceDate "2010.10.29"]
[SourceVersion "1"]
[SourceVersionDate "2010.10.29"]
[SourceQuality "1"]

1. e4 e5 2. Nf3 Nc6 3. Bc4 Bc5 4. d3 d6 5. Be3 Bb6 6. 0-0 Nf6 7. Nbd2 Ng4 8. Bxb6 axb6 9. h3 Nf6 10. c3 0-0 11. d4 Bd7 12. Qe2 Qe7 13. dxe5 Nxe5 14. Nxe5 dxe5 15. Rfe1 Bc6 16. Bb5 Qc5 17. Bxc6 bxc6 18. Qc4 Qxc4 19. Nxc4 Rfe8 20. f3 b5 21. Ne3 Red8 22. Red1 Kf8 23. a3 g6 24. Kf2 Ke7 25. c4 Rd4 26. Rac1 Rc8 27. cxb5 cxb5 28. Rxd4 exd4 29. Nc2 d3 30. Nb4 d2 31. Rd1 c5 32. Nc2 Nd7 33. Rxd2 Ne5 34. Ne3 c4 35. Nd5+ Ke6 36. Ke3 f6 37. Nc3 Rb8 38. Rd5 b4 39. axb4 Rxb4 40. Rb5 Rxb5 41. Nxb5 Nd3 42. b3 Ne1 43. bxc4 Nxg2+ 44. Kd4 Nf4 45. Kc5 Kd7 46. Kb6 Ne6 47. c5 Nd8 48. Na7 Ne6 49. c6+ Kd6 50. Nb5+ Ke5 51. c7 Nxc7 52. Kxc7 Kf4 53. Kd7 Kxf3 54. Nc3 Kf4 55. Ke6 Kg5 56. Nd5 f5 57. e5 f4 58. Nxf4 Kxf4 59. Kf6 h5 60. e6 g5 61. e7 g4 62. hxg4 hxg4 63. e8Q g3 64. Qe2 1-0

[Event "Kuala Lumpur op 7th"]
[Site "Kuala Lumpur"]
[Date "2010.09.02"]
[Round "2"]
[White "Azman Hisham, Mohd Nabil"]
[Black "Chen, Yang"]
[Result "1-0"]
[WhiteElo "2046"]
[BlackElo "2203"]
[PlyCount "117"]
[EventDate "2010.09.01"]
[EventType "swiss"]
[EventRounds "9"]
[EventCountry "MAS"]
[SourceTitle "CBM 138 Extra"]
[Source "ChessBase"]
[SourceDate "2010.10.29"]
[SourceVersion "1"]
[SourceVersionDate "2010.10.29"]
[SourceQuality "1"]

1. d4 d5 2. c4 c6 3. e3 Nf6 4. Qc2 e6 5. Nf3 Nbd7 6. Bd3 Bd6 7. 0-0 0-0 8. Nbd2 Qe7 9. e4 dxe4 10. Nxe4 Nxe4 11. Bxe4 h6 12. c5 Bc7 13. b4 f5 14. Bd3 Nf6 15. Re1 Qf7 16. Ne5 Bxe5 17. Rxe5 Nd5 18. Bd2 Bd7 19. a4 a6 20. Rb1 Rfc8 21. Qb3 Ra7 22. Bc4 Kh7 23. g3 Re8 24. Bxd5 exd5 25. Rbe1 Raa8 26. b5 axb5 27. axb5 Rxe5 28. Rxe5 cxb5 29. h4 Bc6 30. Qf3 Rf8 31. Ba5 f4 32. g4 Qg6 33. h5 Qb1+ 34. Re1 Qc2 35. Re7 b4 36. Bc7 Qc3 37. Qxc3 bxc3 38. Be5 Rg8 39. Bxf4 Re8 40. Rxe8 Bxe8 41. Kf1 g6 42. hxg6+ Kxg6 43. Ke2 Bb5+ 44. Kf3 h5 45. Bc1 h4 46. Kg2 c2 47. Kh3 Bd3 48. Kxh4 Be4 49. Kg3 Bd3 50. f4 Be4 51. f5+ Kf6 52. Kf4 Bd3 53. g5+ Kf7 54. Ke5 Be4 55. f6 Bf3 56. g6+ Kxg6 57. Ke6 Bh5 58. Bd2 Kh7 59. f7 1-0